Welcome to the Holygrace Academy Library

Please use search bar below to get started

RUDRA PRAYAGILE NARABOJI (Record no. 7060)

MARC details
000 -LEADER
fixed length control field 00956nam a22001457a 4500
020 ## - INTERNATIONAL STANDARD BOOK NUMBER
ISBN 978-93-528-23-208
082 ## - DEWEY DECIMAL CLASSIFICATION NUMBER
Classification number 894.812.3
Item number RUD/J
100 ## - MAIN ENTRY--AUTHOR NAME
Personal name NAIR.M.S
245 ## - TITLE STATEMENT
Title RUDRA PRAYAGILE NARABOJI
260 ## - PUBLICATION, DISTRIBUTION, ETC. (IMPRINT)
Place of publication KOTTAYAM
Name of publisher DC BOOKS
Year of publication 2022
300 ## - PHYSICAL DESCRIPTION
Number of Pages 191
520 ## - SUMMARY, ETC.
Summary, etc An exciting narrative of a leopard that spread terror through five hundred square miles of the hills of the United Provinces, The Man-eating Leopard of Rudraprayag also takes a detailed look at life in the Garhwal region of India. The book talks about the superstitions prevalent in the region, the beauty of the landscape, what turns a leopard into a man-eater and many other, often surprising facts and anecdotes, all told in inimitable style. A worthwhile read for all ages, The Man-eating Leopard of Rudraprayag is also an ode to the people who inhabit the hills and the resilience with which they face the hardships that assail them.
650 ## - SUBJECT ADDED ENTRY--TOPICAL TERM
Topical Term MALAYALAM STORIES
942 ## - ADDED ENTRY ELEMENTS (KOHA)
Koha item type Books
Holdings
Withdrawn status Lost status Collection code Home library Current library Shelving location Date acquired Source of acquisition Cost, normal purchase price Full call number Accession Number Koha item type
    Fiction Main Library Main Library NEW SHELF WITH NEW ENTRY 26/10/2023 Purchase 210.00 894.812.3 RUD/J 13113 Books